[Event "Kemer Turkey Cup"]
[Site "Kemer"]
[Date "2014.02.02"]
[Round "2"]
[White "Yelken, Mustafa"]
[Black "Yigit, Ahmet Yasir"]
[Result "0-1"]
[WhiteElo "2097"]
[BlackElo "1843"]
[PlyCount "116"]
[EventDate "2014.02.01"]
[EventType "swiss"]
[EventRounds "9"]
[EventCountry "TUR"]
[SourceTitle "CBM 158 Extra"]
[Source "ChessBase"]
[SourceDate "2014.02.28"]
[SourceVersion "1"]
[SourceVersionDate "2014.02.28"]
[SourceQuality "1"]

1. e4 e5 2. Nf3 Nc6 3. Bb5 Nf6 4. d3 d6 5. c3 Be7 6. Nbd2 0-0 7. 0-0 Bg4 8. Re1 a6 9. Bxc6 bxc6 10. Nf1 c5 11. h3 Bh5 12. Ng3 Bg6 13. Nh4 Re8 14. Nhf5 Rb8 15. Qf3 a5 16. Re2 Nd7 17. Re1 Bg5 18. Qe2 Bxc1 19. Raxc1 Nf8 20. Ne3 Ne6 21. Nc4 Nf4 22. Qf3 Qg5 23. Ne2 Ne6 24. Qe3 Nf4 25. Nxf4 exf4 26. Qd2 Re6 27. Kh2 Bh5 28. b3 Rg6 29. Rg1 Bg4 30. f3 Be6 31. Qf2 a4 32. Rb1 axb3 33. Rxb3 Rxb3 34. axb3 f5 35. e5 Bxc4 36. bxc4 Qg3+ 37. Qxg3 fxg3+ 38. Kh1 dxe5 39. Rd1 Rd6 40. Kg1 Kf7 41. Kf1 Kf6 42. Ke2 g5 43. Ke3 Rb6 44. Ke2 Rb3 45. d4 Rxc3 46. dxe5+ Ke6 47. Rd8 Rc2+ 48. Kf1 Rxc4 49. Rg8 Kxe5 50. Rxg5 Rc1+ 51. Ke2 Rc2+ 52. Kf1 Kf4 53. Rg7 Rc1+ 54. Ke2 Rg1 55. Rxc7 Rxg2+ 56. Kf1 Rc2 57. Rf7 g2+ 58. Kg1 Ke5 0-1